00559nam a2200157 a 45000010005000000030005000050050017000100080041000270400020000682450151000882460040002392600038002793000011003176500027003286500046003554391CDMR20131213174201.0130130s1942||||||||||||||||||||||||||||d aCDMRbcatcCDMR 3aEl periodismo es una misiónb: memoria del primer congreso de la Unión de Asociaciones y Sindicatos Periodísticos Nacionales : Venecia, 1942 aCongreso de Prensab: Venecia, 1942 aVienac[1942]bTerramare Institut a192 p.04aPeriodismexCongressos04aAssociacions de professionals i tècnics